Statistics for Top 15 Countries with Covid-19 Deaths - 19 May 2021

Click here to take the quiz!

General Stats

  • This quiz has been taken 8 times
  • The average score is 15 of 24

Answer Stats

country% Correct
Brazil
100%
France
100%
Germany
100%
India
100%
Spain
100%
United States
100%
Italy
88%
Mexico
88%
United Kingdom
88%
Argentina
75%
Iran
75%
Peru
75%
Russia
75%
Colombia
63%
Poland
50%
Belgium
38%
Hungary
38%
Bosnia and
Herzegovina
25%
Bulgaria
25%
Croatia
25%
Czechia
25%
Slovakia
25%
Slovenia
25%
North Macedonia
13%

Score Distribution

Percentile by Number Answered

Percent of People with Each Score

Your Score History

You have not taken this quiz